[Event "SVK-chT2B 2223"]
[Site "Slovakia"]
[Date "2023.01.15"]
[Round "7.7"]
[White "Kostelansky, Karol"]
[Black "Struhar, Jan"]
[Result "0-1"]
[WhiteElo "1774"]
[BlackElo "1866"]
[PlyCount "88"]
[EventDate "2022.10.08"]
[EventType "team-tourn"]
[EventRounds "11"]
[EventCountry "SVK"]
[SourceTitle "EXT 2024"]
[Source "ChessBase"]
[SourceDate "2023.10.10"]
[SourceVersion "1"]
[SourceVersionDate "2023.10.10"]
[SourceQuality "1"]
[WhiteTeam "Povazske Podhradie"]
[BlackTeam "Nemsova Horne Srnie"]
[WhiteTeamCountry "SVK"]
[BlackTeamCountry "SVK"]

1. e4 e5 2. Nf3 Nc6 3. c3 d5 4. Qa4 f6 5. Bb5 Nge7 6. exd5 Qxd5 7. 0-0 Bd7 8. d4 a6 9. c4 Qd6 10. Nc3 0-0-0 11. dxe5 Nxe5 12. Nxe5 Qxe5 13. Be3 Nf5 14. Bxd7+ Rxd7 15. Nd5 Nxe3 16. Nxe3 Bc5 17. Rfe1 Qxb2 18. Rab1 Qa3 19. Qc2 Bxe3 20. Rxe3 Qc5 21. Qe4 c6 22. g3 Rhd8 23. Kg2 g6 24. Reb3 Re7 25. Qh4 Qd4 26. Qh3+ f5 27. R3b2 Qxc4 28. Qh6 Qd5+ 29. Kg1 Rde8 30. Qd2 Qxd2 31. Rxd2 Re1+ 32. Rxe1 Rxe1+ 33. Kg2 Kc7 34. Kf3 c5 35. Kf4 c4 36. Kg5 b5 37. Rc2 Kc6 38. Kh6 Re7 39. h4 Kc5 40. h5 gxh5 41. Kg5 b4 42. Kxf5 c3 43. f4 Kc4 44. Kg5 Kd3 0-1

[Event "SVK-chT2B 2223"]
[Site "Slovakia"]
[Date "2022.10.08"]
[Round "1.4"]
[White "Struhar, Jan"]
[Black "Berek, Geza"]
[Result "0-1"]
[WhiteElo "1866"]
[BlackElo "2151"]
[PlyCount "102"]
[EventDate "2022.10.08"]
[EventType "team-tourn"]
[EventRounds "11"]
[EventCountry "SVK"]
[SourceTitle "CBM 210 Extra"]
[Source "ChessBase"]
[SourceDate "2022.11.30"]
[SourceVersion "1"]
[SourceVersionDate "2022.11.30"]
[SourceQuality "1"]
[WhiteTeam "Nemsova Horne Srnie"]
[BlackTeam "Levice II"]
[WhiteTeamCountry "SVK"]
[BlackTeamCountry "SVK"]

1. a3 g6 2. c4 Bg7 3. Nc3 d6 4. d4 Nf6 5. e4 0-0 6. Nf3 a6 7. Be2 Bg4 8. h3 Bxf3 9. Bxf3 Nfd7 10. 0-0 e5 11. d5 f5 12. Qc2 Qe7 13. Bd2 a5 14. Rfd1 Na6 15. Rab1 Kh8 16. b4 axb4 17. axb4 Rae8 18. Qc1 f4 19. Be2 h5 20. f3 Bf6 21. Be1 Rf7 22. Rd3 Rg8 23. Bf2 Bh4 24. Qe1 Bxf2+ 25. Qxf2 b6 26. Rd2 Nab8 27. Nb5 Nf6 28. Ra1 g5 29. Ra7 Ne8 30. c5 bxc5 31. bxc5 Nd7 32. cxd6 cxd6 33. Rda2 Qf6 34. R2a6 Rfg7 35. Rc6 Rh7 36. Rb7 Qh6 37. Qa7 Nf8 38. Rxh7+ Nxh7 39. Qb8 g4 40. fxg4 hxg4 41. Bxg4 Nef6 42. Qxd6 Qh4 43. Qb4 Nxg4 44. hxg4 Qxg4 45. Qb2 Qd1+ 46. Kf2 Qh5 47. Re6 Qh4+ 48. Kg1 Qe1+ 49. Kh2 Nf6 50. Rxf6 Qh4+ 51. Kg1 Qxf6 0-1

[Event "SVK-chT3B2 1920"]
[Site "Slovakia"]
[Date "2020.01.19"]
[Round "6.1"]
[White "Lasch, Miroslav"]
[Black "Struhar, Jan"]
[Result "0-1"]
[WhiteElo "2102"]
[BlackElo "1931"]
[PlyCount "76"]
[EventDate "2019.10.06"]
[EventType "team-tourn"]
[EventRounds "11"]
[EventCountry "SVK"]
[SourceTitle "CBM 195 Extra"]
[Source "ChessBase"]
[SourceDate "2020.05.31"]
[SourceVersion "1"]
[SourceVersionDate "2020.05.31"]
[SourceQuality "1"]
[WhiteTeam "Dubnica nad Vahom IV"]
[BlackTeam "Nemsova Horne Srnie"]
[WhiteTeamCountry "SVK"]
[BlackTeamCountry "SVK"]

1. e4 e5 2. Nf3 Nc6 3. Bb5 a6 4. Ba4 Nf6 5. 0-0 Be7 6. Re1 b5 7. Bb3 d6 8. c3 Na5 9. Bc2 c5 10. d4 cxd4 11. cxd4 Qc7 12. h3 0-0 13. Nbd2 Nc6 14. d5 Nb4 15. Bb1 a5 16. Nf1 Bd7 17. a3 Na6 18. Ng3 g6 19. Bh6 Rfc8 20. Nh2 Ne8 21. Ng4 Qd8 22. Qf3 Bg5 23. Bxg5 Qxg5 24. Qe3 Qxe3 25. Nxe3 Nc5 26. Bc2 a4 27. Ne2 Nf6 28. Nc3 Rab8 29. f3 Nh5 30. Red1 Nf4 31. Kf2 h5 32. h4 b4 33. axb4 Rxb4 34. g3 Rxb2 35. Ra2 Ncd3+ 36. Kf1 Rxc3 37. Rxb2 Nxb2 38. gxf4 Nxd1 0-1

[Event "SVK-chT3B2 1920"]
[Site "Slovakia"]
[Date "2019.10.06"]
[Round "1.3"]
[White "Struhar, Jan"]
[Black "Huserka, Jan"]
[Result "1-0"]
[WhiteElo "1931"]
[BlackElo "1552"]
[PlyCount "59"]
[EventDate "2019.10.06"]
[EventType "team-tourn"]
[EventRounds "11"]
[EventCountry "SVK"]
[SourceTitle "CBM 193 Extra"]
[Source "ChessBase"]
[SourceDate "2020.01.31"]
[SourceVersion "1"]
[SourceVersionDate "2020.01.31"]
[SourceQuality "1"]
[WhiteTeam "Nemsova Horne Srnie"]
[BlackTeam "Nemsova Horne Srnie II"]
[WhiteTeamCountry "SVK"]
[BlackTeamCountry "SVK"]

1. e4 e6 2. d4 d6 3. Nf3 g6 4. c3 b6 5. Bd3 Bg7 6. 0-0 Ne7 7. Re1 e5 8. d5 Bg4 9. h3 Bxf3 10. Qxf3 0-0 11. c4 Nd7 12. Nc3 c5 13. g4 h6 14. Ne2 Nc8 15. Ng3 Qh4 16. Kh2 a5 17. a4 Kh7 18. Rg1 Ne7 19. Bd2 Ng8 20. Rg2 Qd8 21. Rag1 f6 22. Qd1 Qe8 23. Rh1 Ne7 24. h4 Rf7 25. g5 h5 26. Nxh5 f5 27. exf5 Nxf5 28. Ng3 Nd4 29. Bxg6+ Kxg6 30. Qh5# 1-0

[Event "SVK-chT2B 1819"]
[Site "Slovakia"]
[Date "2019.04.06"]
[Round "10.5"]
[White "Struhar, Jan"]
[Black "Gyopos, Istvan"]
[Result "0-1"]
[WhiteElo "1961"]
[BlackElo "1936"]
[PlyCount "96"]
[EventDate "2018.10.13"]
[EventType "team-tourn"]
[EventRounds "11"]
[EventCountry "SVK"]
[SourceTitle "EXT 2020"]
[Source "ChessBase"]
[SourceDate "2019.10.17"]
[SourceVersion "1"]
[SourceVersionDate "2019.10.17"]
[SourceQuality "1"]
[WhiteTeam "Nemsova Horne Srnie"]
[BlackTeam "Batorove Kosihy II"]
[WhiteTeamCountry "SVK"]
[BlackTeamCountry "SVK"]

1. e4 e5 2. Nf3 d6 3. d4 exd4 4. Nxd4 Nf6 5. Nc3 Be7 6. Be2 0-0 7. 0-0 Nbd7 8. Nf5 Nc5 9. Bg5 Ncxe4 10. Nxe7+ Qxe7 11. Nxe4 Qxe4 12. Bxf6 gxf6 13. Bf3 Qg6 14. Qd4 Re8 15. Rfe1 Re5 16. Re3 Qxc2 17. Rae1 Qc5 18. Qd2 Qa5 19. b4 Qb5 20. Rxe5 fxe5 21. Qg5+ Kf8 22. Qd8+ Qe8 23. Qxc7 Qe7 24. Qc1 Kg7 25. Re3 f5 26. Rc3 e4 27. Rc7 Bd7 28. Be2 Kg6 29. h4 Rd8 30. h5+ Kf6 31. Qf4 Rc8 32. Rxb7 Ke6 33. Bb5 Rd8 34. Rxa7 Qf6 35. Bc4+ Ke7 36. Qd2 Qa1+ 37. Kh2 Qe5+ 38. g3 f4 39. Qxf4 Qxh5+ 40. Qh4+ Qxh4+ 41. gxh4 Kf6 42. Ra5 Be6 43. Ba6 Rb8 44. a3 d5 45. Rc5 d4 46. f3 e3 47. Bd3 Ra8 48. Ra5 Rc8 0-1

[Event "SVK-chT2B 1819"]
[Site "Slovakia"]
[Date "2018.10.13"]
[Round "1.5"]
[White "Chrenko, Kristian"]
[Black "Struhar, Jan"]
[Result "1/2-1/2"]
[WhiteElo "1995"]
[BlackElo "2018"]
[PlyCount "84"]
[EventDate "2018.10.13"]
[EventType "team-tourn"]
[EventRounds "11"]
[EventCountry "SVK"]
[SourceTitle "CBM 187 Extra"]
[Source "ChessBase"]
[SourceDate "2018.11.04"]
[SourceVersion "1"]
[SourceVersionDate "2018.11.04"]
[SourceQuality "1"]
[WhiteTeam "Tlmace"]
[BlackTeam "Nemsova Horne Srnie"]
[WhiteTeamCountry "SVK"]
[BlackTeamCountry "SVK"]

1. e4 e5 2. Nf3 Nc6 3. Nc3 Nf6 4. d4 exd4 5. Nxd4 Bb4 6. Nxc6 bxc6 7. Bd3 d6 8. 0-0 h6 9. Qe2 0-0 10. h3 Re8 11. Bd2 Ba5 12. Qf3 Bd7 13. Rad1 Rb8 14. b3 Qe7 15. Rfe1 Qe5 16. Nb1 Bxd2 17. Nxd2 Qg5 18. Qe3 Qxe3 19. Rxe3 Re7 20. Rde1 Rbe8 21. f4 Kf8 22. Kf2 g5 23. fxg5 hxg5 24. Nf3 g4 25. Ng5 Kg7 26. Bc4 gxh3 27. gxh3 d5 28. exd5 Rxe3 29. Rxe3 cxd5 30. Rxe8 Bxe8 31. Bd3 Bd7 32. Ke3 Nh5 33. h4 c5 34. a3 f6 35. Nf3 d4+ 36. Kf2 Be6 37. Bb5 Bd5 38. b4 cxb4 39. axb4 Bxf3 40. Kxf3 f5 41. Be8 Nf6 42. Bc6 Nh5 1/2-1/2

[Event "SVK-chT3B2 1718"]
[Site "Slovakia"]
[Date "2017.10.22"]
[Round "2.1"]
[White "Struhar, Jan"]
[Black "Reisel, Frantisek"]
[Result "0-1"]
[WhiteElo "2063"]
[BlackElo "1967"]
[PlyCount "112"]
[EventDate "2017.10.08"]
[EventType "team-tourn"]
[EventRounds "11"]
[EventCountry "SVK"]
[SourceTitle "EXT 2019"]
[Source "ChessBase"]
[SourceDate "2018.10.10"]
[SourceVersion "1"]
[SourceVersionDate "2018.10.10"]
[SourceQuality "1"]
[WhiteTeam "Nemsova Horne Srnie"]
[BlackTeam "Prievidza II"]
[WhiteTeamCountry "SVK"]
[BlackTeamCountry "SVK"]

1. e4 d6 2. d4 Nf6 3. Nc3 c6 4. Nf3 Bg4 5. Be2 Nbd7 6. 0-0 e5 7. Be3 Be7 8. Ng5 Bxe2 9. Qxe2 h6 10. Nf3 0-0 11. Rfd1 Qc7 12. Nh4 Rfe8 13. Nf5 Bf8 14. d5 c5 15. f3 Kh7 16. g4 Ng8 17. Kg2 g6 18. Ng3 Qd8 19. Rh1 Be7 20. h4 Kg7 21. h5 Bg5 22. Bf2 Ne7 23. Nb5 Nf6 24. c4 a6 25. Nc3 Qd7 26. Be3 Bf4 27. Qd2 g5 28. Nf5+ Nxf5 29. gxf5 Rg8 30. Rag1 Kh8 31. Kf2 b5 32. b3 Rab8 33. cxb5 axb5 34. Rb1 b4 35. Ne2 Bxe3+ 36. Qxe3 Kh7 37. Ng3 Ra8 38. Rb2 Ra3 39. Rc1 Rga8 40. Rcc2 Ne8 41. Kg2 f6 42. Kh3 Nc7 43. Nf1 Nb5 44. Qf2 Nd4 45. Rd2 c4 46. Rxd4 exd4 47. Qxd4 c3 48. Rc2 Qf7 49. Kg4 Rxa2 50. Ne3 Rxc2 51. Nxc2 Ra2 52. Nxb4 Rh2 53. Kg3 c2 54. Nd3 Rd2 55. Qc3 Rxd3 56. Qxc2 Rd4 0-1

[Event "SVK-chT3B2 1516"]
[Site "Slovakia"]
[Date "2016.03.20"]
[Round "10.1"]
[White "Orgon, Dusan"]
[Black "Struhar, Jan"]
[Result "1-0"]
[WhiteElo "2048"]
[BlackElo "2100"]
[PlyCount "36"]
[EventDate "2015.10.11"]
[EventType "team-tourn"]
[EventRounds "11"]
[EventCountry "SVK"]
[SourceTitle "EXT 2017"]
[Source "ChessBase"]
[SourceDate "2016.10.25"]
[SourceVersion "1"]
[SourceVersionDate "2016.10.25"]
[SourceQuality "1"]
[WhiteTeam "Dubnica nad Vahom IV"]
[BlackTeam "Nemsova Horne Srnie"]
[WhiteTeamCountry "SVK"]
[BlackTeamCountry "SVK"]

1. d4 Nf6 2. Nf3 g6 3. Nc3 Bg7 4. e4 c5 5. e5 Ng4 6. h3 Nh6 7. Bf4 cxd4 8. Qxd4 Nc6 9. Qd2 Ng8 10. 0-0-0 h5 11. Bc4 a6 12. Kb1 e6 13. Ne4 b5 14. Nd6+ Kf8 15. Bb3 Nb8 16. Ng5 Ne7 17. Ngxf7 Qc7 18. Nxh8 Bxh8 1-0

[Event "SVK-chT3B2 1516"]
[Site "Slovakia"]
[Date "2015.10.11"]
[Round "1.1"]
[White "Marko, Anton"]
[Black "Struhar, Jan"]
[Result "1-0"]
[WhiteElo "2126"]
[BlackElo "2100"]
[PlyCount "101"]
[EventDate "2015.10.11"]
[EventType "team-tourn"]
[EventRounds "11"]
[EventCountry "SVK"]
[SourceTitle "CBM 170 Extra"]
[Source "ChessBase"]
[SourceDate "2016.02.25"]
[SourceVersion "1"]
[SourceVersionDate "2016.02.25"]
[SourceQuality "1"]
[WhiteTeam "Chynorany"]
[BlackTeam "Nemsova Horne Srnie"]
[WhiteTeamCountry "SVK"]
[BlackTeamCountry "SVK"]

1. c4 Nf6 2. Nf3 g6 3. g3 Bg7 4. Bg2 0-0 5. 0-0 d6 6. d4 Nc6 7. Nc3 a6 8. Qc2 Rb8 9. Rd1 Bd7 10. a3 Bg4 11. h3 Bxf3 12. Bxf3 Qd7 13. Bg2 Rfe8 14. b4 e5 15. e3 exd4 16. exd4 Qf5 17. Qxf5 gxf5 18. Be3 Ne4 19. Nd5 Rbc8 20. Rac1 Ne7 21. Nf4 Ng6 22. Nh5 Rcd8 23. Re1 c5 24. Nxg7 Kxg7 25. bxc5 dxc5 26. d5 Ne5 27. Re2 b6 28. Rec2 Nd6 29. Bf1 Rd7 30. Rb1 Rb7 31. Kg2 f6 32. a4 a5 33. Bd2 Kf7 34. f4 Nd7 35. Rcb2 Ra7 36. Kf3 Re4 37. Rc1 Ra8 38. Bd3 Re7 39. g4 fxg4+ 40. hxg4 f5 41. gxf5 h5 42. Rh1 Rh8 43. Rh3 Nc8 44. Bc3 Nf6 45. Rbh2 Rhe8 46. Bxf6 Kxf6 47. Kf2 Re4 48. Bxe4 Rxe4 49. Kf3 Rxc4 50. Rxh5 Rc3+ 51. Kg4 1-0

[Event "SVK-chT2B 1112"]
[Site "Slovakia"]
[Date "2012.02.26"]
[Round "11.6"]
[White "Bojda, Lubomir"]
[Black "Struhar, Jan"]
[Result "1-0"]
[WhiteElo "2153"]
[BlackElo "2126"]
[PlyCount "94"]
[EventDate "2011.10.08"]
[EventType "team-tourn"]
[EventRounds "11"]
[EventCountry "SVK"]
[SourceTitle "EXT 2013"]
[Source "ChessBase"]
[SourceDate "2012.11.22"]
[SourceVersion "1"]
[SourceVersionDate "2012.11.22"]
[SourceQuality "1"]
[WhiteTeam "Surany Lokomotiva"]
[BlackTeam "Belusa Hermes"]
[WhiteTeamCountry "SVK"]
[BlackTeamCountry "SVK"]

1. d4 d5 2. Nf3 Nf6 3. c4 e6 4. Nc3 Be7 5. Qc2 0-0 6. e3 c6 7. b3 b6 8. Bd3 Bb7 9. Bb2 Nbd7 10. Rd1 Rc8 11. Ne5 Bd6 12. Nxd7 Qxd7 13. e4 dxe4 14. Nxe4 Nxe4 15. Bxe4 Bb4+ 16. Kf1 f5 17. Bf3 Qe7 18. h4 Rcd8 19. Rh3 Rd7 20. h5 Bd6 21. Re1 Bf4 22. Qe2 Re8 23. Bc3 Bh6 24. Rg3 Qd8 25. Qb2 Qh4 26. Kg1 Bf4 27. Rh3 Qd8 28. b4 Qc7 29. Bd1 Rde7 30. Bb3 c5 31. Ba4 Bc6 32. Bxc6 Qxc6 33. dxc5 bxc5 34. b5 Qc7 35. h6 Bxh6 36. Be5 Qa5 37. Bc3 Qa4 38. Qe2 e5 39. Rd1 Bf4 40. Rd5 Qa3 41. Ba1 Qa5 42. Rf3 g6 43. g3 Bh6 44. Rfd3 Bg7 45. Rd1 Qa3 46. R5d3 Qa4 47. Rd6 Qa3 1-0